00523nam a2200205 a 4500001001300000003000900013005001700022008004100039020002300080082001600103100002300119245003300142260003600175300000900211500003500220505001000255650001400265650001500279700002300294nice12345678IN_TiNIC20260116013241.0050524s1996 newa grp 000 0 eng  a8121902 c50000a954.84bBAW aBawa, Vasant Kumar aHyderabad Under Salar Jung 1 aNew DelhibConcept Pub Coc1996 a282p aincludes index and biblioraphy2 aIndex aHyderabad aSalar Jung1 aBawa, Vasant Kumar